| 000 | 00476nab a2200145Ia 4500 | ||
|---|---|---|---|
| 003 | ES-SlBCS | ||
| 005 | 20210601125558.0 | ||
| 008 | 140529s1995 xxu||||| |||| 00| 0 eng d | ||
| 041 | _aeng | ||
| 100 | 1 |
_aWilliams, Michael E. _9151641 |
|
| 245 | 0 | 0 |
_aRealism and scepticism _c Michael E. Williams |
| 650 | 0 | 4 |
_aRealismo _990223 |
| 773 | 0 |
_tRevue Roumaine des Sciences Sociales (Serie de Philosophie et de Logique) _gvol. 39, nº. 3-4, 1995, págs. 239-258 _wRev955 |
|
| 942 | _cAR | ||
| 999 |
_c532579 _d532579 |
||